| 000 | 00708nam a22002177a 4500 | ||
|---|---|---|---|
| 005 | 20140926125436.0 | ||
| 010 | _aENG-110891 | ||
| 020 |
_a9789351431763 _c795.00 |
||
| 035 | _aEN-94423 | ||
| 037 | _bDBAD/PUB | ||
| 082 | _a345.54 | ||
| 100 | _aPillai, P.S.A. | ||
| 245 |
_aP.S.A. Pillai's criminal law / _cby P S A Pillai [and] K I Vibhute |
||
| 250 | _a12th ed incorporating the criminal law (Amendment) Act, 2013 | ||
| 260 |
_aGurgaon _bLexis Nexis _c2014 |
||
| 270 |
_a14th Floor, Building No.10, Tower-B, DLF Cyber City, Phase-II _bGurgaon _e122002 |
||
| 300 |
_acxiv,966p. _c25cm(pbk) |
||
| 500 | _aIncludes index | ||
| 700 | _aVibhute, K.I. | ||
| 942 |
_2ddc _cEN _mPIL _h345.54 |
||
| 999 |
_c88733 _d88733 |
||